| 000 | 00602nam a2200205 a 4500 | ||
|---|---|---|---|
| 001 | 45553 | ||
| 003 | BD-RjUL | ||
| 005 | 20211209054031.0 | ||
| 008 | 270716s1970 enka bs 001 0 eng | ||
| 035 | _a(BD-RjUL)45671 | ||
| 040 |
_aDLC _cDLC _dDLC _dBD-RjUL _beng |
||
| 041 | _aeng | ||
| 082 | 0 | 0 |
_a338.911724 _223 _bHAP 1970 |
| 100 | 1 |
_aHawkins, E. K. _9139444 |
|
| 245 | 1 | 4 |
_aThe principles of development aid : _bPenguin Modern Economics / _cE. K. Hawkins |
| 260 |
_aHarmondsworth, _bPenguin, _c1970. |
||
| 300 |
_a152 p. : _bill ; _c19 cm. |
||
| 650 | 0 |
_aEconomic assistance. _9139445 |
|
| 942 |
_2ddc _cBK |
||
| 999 |
_c45553 _d45553 |
||